Most listened rap artist in 2024-2025 - Estadísticas

Estadísticas generales
  • Esta prueba ha sido intentada 26 veces
  • La puntuación promedio es 5 de 10
Estadísticas de respuestas
Hint Respuesta % Correcto
80.3 M Drake
86%
63.9 M Travis Scott
86%
89.7 M Kendrick Lamar
82%
62.3 M Kanye West (ye)
77%
68.3 M Eminem
64%
56.0 M Future
41%
48.0 M J. Cole
27%
52.1 M Playboi Carti
27%
66.8 M 21 Savage
23%
50.0 M Metro Boomin
23%
No se encontraron pruebas coincidentes
Distribución de puntuación
Porcentaje de gente con cada puntuación
Porcentaje por número respondido
Historial de tus puntuaciones
No has intentado esta prueba.